LEADER 01172nam0 22002771i 450 001 UON00383003 005 20231205104536.727 010 $a88-420-3029-5 100 $a20100701d1988 |0itac50 ba 101 $aita 102 $aIT 105 $a|||| ||||| 200 1 $aMaterialismo inquieto$evicende dello scientismo in Italia nell'età del positivismo, 1868-1911$fGirolamo De Liguori - Roma$gBari$eLaterza, 1988 - 237 p. ; 22 cm. 410 1$1001UON00067549$12001 $aBiblioteca di Cultura Moderna$v958 606 $aMaterialismo$xItalia$x1868-1911$3UONC076004$2FI 620 $aIT$dRoma$3UONL000004 620 $aIT$dBari$3UONL000072 676 $a146.3$cNaturalismo, sistemi e dottrine affini. Materialismo.$v20 700 1$aDE LIGUORI$bGirolamo$3UONV197547$0158076 712 $aLaterza$3UONV276725$4650 801 $aIT$bSOL$c20250926$gRICA 899 $aSIBA - SISTEMA BIBLIOTECARIO DI ATENEO$2UONSI 912 $aUON00383003 950 $aSIBA - SISTEMA BIBLIOTECARIO DI ATENEO$dSI FS 04202 $eSI FP 3171 5 996 $aMaterialismo inquieto$9485450 997 $aUNIOR